[Event "Konventum Weekend 2021"]
[Site "Elsinore"]
[Date "2021.07.23"]
[Round "1"]
[White "Hector, Jonny"]
[Black "Hoiberg, Nina"]
[Result "1-0"]
[WhiteElo "2479"]
[BlackElo "2165"]
[PlyCount "75"]
[EventDate "2021.07.23"]
[EventType "swiss"]
[EventRounds "5"]
[EventCountry "DEN"]

1. e4 e5 2. Nf3 Nc6 3. d4 exd4 4. Nxd4 Bc5 5. Nb3 Bb4+ 6. c3 Be7 7. c4 a5 8.
Be2 Nf6 9. Nc3 a4 10. Nd2 a3 11. f4 d6 12. O-O Nd4 13. Bd3 Ng4 14. Nf3 Bf6 15.
Qe1 O-O 16. h3 Nxf3+ 17. Rxf3 Bd4+ 18. Kh1 Nh6 19. bxa3 c6 20. Rb1 Qa5 21. Bd2
Qh5 22. Ne2 Bc5 23. f5 f6 24. Nf4 Qe8 25. Ne6 Bxe6 26. fxe6 g5 27. e5 Qxe6 28.
Rxb7 dxe5 29. Bxh7+ Kh8 30. Bb1 Rf7 31. Rxf7 Nxf7 32. Qe4 Kg7 33. Qg6+ Kf8 34.
Rxf6 Qxc4 35. Bxg5 Rxa3 36. Qh7 Ke8 37. Bg6 Ra7 38. Qg8+ 1-0

[Event "Konventum Weekend 2021"]
[Site "Elsinore"]
[Date "2021.07.23"]
[Round "1"]
[White "Hansen, Lars"]
[Black "Haubro, Martin"]
[Result "0-1"]
[WhiteElo "2159"]
[BlackElo "2407"]
[PlyCount "100"]
[EventDate "2021.07.23"]
[EventType "swiss"]
[EventRounds "5"]
[EventCountry "DEN"]

1. e4 c5 2. Nc3 Nc6 3. f4 g6 4. Nf3 Bg7 5. Bb5 Nd4 6. O-O e6 7. e5 a6 8. Bd3 f5
9. Nxd4 cxd4 10. Ne2 d6 11. exd6 Qxd6 12. b3 b6 13. Qe1 Bb7 14. Bb2 O-O-O 15.
Qf2 e5 16. fxe5 Bxe5 17. h3 Nf6 18. Rae1 Kb8 19. Qh4 g5 20. Qh6 f4 21. Nc1 Rhg8
22. Bf5 f3 23. gxf3 Bc8 24. Be4 Bg3 25. Ba3 Qe6 26. Re2 Nxe4 27. Qxe6 Bxe6 28.
Rxe4 Bxh3 29. Rd1 g4 30. Ne2 Bc7 31. f4 d3 32. cxd3 Rxd3 33. Re3 Rgd8 34. Rxd3
Rxd3 35. Be7 g3 36. Bh4 Bg4 37. Nc1 Rd4 38. Rf1 Rxf4 39. Rxf4 Bxf4 40. Nd3 Bxd2
41. Bxg3+ Kb7 42. Kg2 Bf5 43. Ne5 Bb1 44. Nc4 Bc1 45. a4 Ba2 46. Nd6+ Kc6 47.
b4 b5 48. axb5+ axb5 49. Ne4 Bd5 50. Kf3 Bd2 0-1

[Event "Konventum Weekend 2021"]
[Site "Elsinore"]
[Date "2021.07.23"]
[Round "1"]
[White "Vasli, Aref"]
[Black "Brorsen, Jacob Abildlund"]
[Result "0-1"]
[WhiteElo "2400"]
[BlackElo "2147"]
[PlyCount "66"]
[EventDate "2021.07.23"]
[EventType "swiss"]
[EventRounds "5"]
[EventCountry "DEN"]

1. Nf3 d5 2. g3 Nf6 3. Bg2 c5 4. O-O g6 5. d4 cxd4 6. Nxd4 Bg7 7. Nc3 O-O 8.
Nb3 e6 9. e4 Nxe4 10. Nxe4 dxe4 11. Bxe4 Nc6 12. c3 e5 13. Qxd8 Rxd8 14. Nc5
Bf8 15. b4 Bxc5 16. bxc5 Bf5 17. Bg2 Kg7 18. f4 Rac8 19. fxe5 Nxe5 20. Be3 Nc6
21. Rae1 Rd3 22. Rf2 Rc7 23. Rb2 f6 24. Bxc6 bxc6 25. Bd4 Bg4 26. Kf2 Bf3 27.
Re6 Bd5 28. Rd6 Rf3+ 29. Ke1 Re7+ 30. Re2 Kf7 31. Kd2 Rb7 32. Kc2 a5 33. a3 g5
0-1

[Event "Konventum Weekend 2021"]
[Site "Elsinore"]
[Date "2021.07.23"]
[Round "1"]
[White "Sigeman, Johan"]
[Black "Hagen, Andreas Skytte"]
[Result "1/2-1/2"]
[WhiteElo "2146"]
[BlackElo "2370"]
[PlyCount "76"]
[EventDate "2021.07.23"]
[EventType "swiss"]
[EventRounds "5"]
[EventCountry "DEN"]

1. d4 Nf6 2. c4 g6 3. g3 Bg7 4. Bg2 O-O 5. Nc3 d6 6. Nf3 Nc6 7. O-O e5 8. dxe5
dxe5 9. Bg5 Be6 10. Qc1 Qc8 11. Rd1 Rd8 12. Rxd8+ Qxd8 13. Ne4 Bf5 14. Nxf6+
Bxf6 15. Bxf6 Qxf6 16. Qc3 Rd8 17. Re1 Be4 18. Qe3 Bxf3 19. Bxf3 Nd4 20. Be4
Qd6 21. Qc3 c6 22. e3 Ne6 23. Rc1 Ng5 24. Bc2 Qf6 25. f4 Rd2 26. Rf1 Nh3+ 27.
Kh1 Qd8 28. fxe5 Re2 29. e6 Nf2+ 30. Kg1 Nh3+ 31. Kh1 fxe6 32. Qe5 Qe7 33. Qb8+
Kg7 34. Qe5+ Kh6 35. Bb1 Nf2+ 36. Kg1 Nh3+ 37. Kh1 Nf2+ 38. Kg1 Nh3+ 1/2-1/2

[Event "Konventum Weekend 2021"]
[Site "Elsinore"]
[Date "2021.07.23"]
[Round "1"]
[White "Fries Nielsen, Jens Ove"]
[Black "Petersen, Peter Birk"]
[Result "1-0"]
[WhiteElo "2359"]
[BlackElo "2141"]
[PlyCount "87"]
[EventDate "2021.07.23"]
[EventType "swiss"]
[EventRounds "5"]
[EventCountry "DEN"]

1. e4 c5 2. Nf3 e6 3. Nc3 Nc6 4. b3 Nf6 5. Bb2 d6 6. d4 cxd4 7. Nxd4 Be7 8.
Nxc6 bxc6 9. Bd3 e5 10. O-O O-O 11. Ne2 Qb6 12. c4 a5 13. Rb1 Nd7 14. Kh1 Bb7
15. Bc2 Qc7 16. Ng3 g6 17. Qd2 f6 18. a3 Ba6 19. Qc3 Nc5 20. f4 Ne6 21. Ne2 c5
22. Qg3 Nd4 23. Bxd4 cxd4 24. Bd3 Bc8 25. f5 Kg7 26. Rf3 Bd7 27. b4 axb4 28.
axb4 Ra3 29. h4 Qb7 30. b5 Rxd3 31. Rxd3 Qxe4 32. Nxd4 Bxf5 33. Nxf5+ Qxf5 34.
b6 Qe4 35. Rc1 Qc6 36. Qe3 f5 37. c5 f4 38. cxd6 fxe3 39. Rxc6 e2 40. Re3 Rf1+
41. Kh2 e1=Q 42. Rxe1 Rxe1 43. dxe7 Kf7 44. b7 1-0

[Event "Konventum Weekend 2021"]
[Site "Elsinore"]
[Date "2021.07.23"]
[Round "1"]
[White "Jorgensen, Dennis"]
[Black "Borge, Nikolaj"]
[Result "0-1"]
[WhiteElo "2132"]
[BlackElo "2357"]
[PlyCount "40"]
[EventDate "2021.07.23"]
[EventType "swiss"]
[EventRounds "5"]
[EventCountry "DEN"]

1. d4 d5 2. Nf3 Nf6 3. c4 dxc4 4. e3 Bg4 5. Bxc4 e6 6. Nbd2 c5 7. Qa4+ Nbd7 8.
h3 Bxf3 9. Nxf3 a6 10. dxc5 Bxc5 11. Be2 O-O 12. O-O Qe7 13. Qh4 e5 14. Rd1
Rfc8 15. Bd2 e4 16. Nh2 Bb4 17. a3 Bd6 18. Rab1 Rc2 19. Bf1 Qe5 20. Qf4 Qd5 0-1

[Event "Konventum Weekend 2021"]
[Site "Elsinore"]
[Date "2021.07.23"]
[Round "1"]
[White "Bank, Pelle Rodkjaer"]
[Black "Grubert, Christian"]
[Result "1-0"]
[WhiteElo "2320"]
[BlackElo "2130"]
[PlyCount "75"]
[EventDate "2021.07.23"]
[EventType "swiss"]
[EventRounds "5"]
[EventCountry "DEN"]

1. c4 f5 2. g3 Nf6 3. Bg2 e6 4. Nf3 Be7 5. O-O O-O 6. d3 Nc6 7. a3 a5 8. b3 d6
9. Nc3 e5 10. Qc2 h6 11. Bb2 Be6 12. Rad1 Qd7 13. d4 exd4 14. Nxd4 Nxd4 15.
Rxd4 Rab8 16. Rfd1 c6 17. a4 Qc7 18. Ba3 Rfd8 19. Bh3 b5 20. axb5 cxb5 21. Bxf5
Bxf5 22. Qxf5 bxc4 23. bxc4 Qc8 24. Nd5 Nxd5 25. Qxd5+ Kh8 26. Re4 Bf8 27. Qxa5
d5 28. Rf4 Bxa3 29. Qxa3 dxc4 30. Rc1 Qe6 31. Qa2 Rb3 32. Rfxc4 Rd1+ 33. Rxd1
Qxc4 34. Qa8+ Kh7 35. Qd5 Qc2 36. Kg2 Rc3 37. Rd3 Rc7 38. Qf5+ 1-0

[Event "Konventum Weekend 2021"]
[Site "Elsinore"]
[Date "2021.07.23"]
[Round "1"]
[White "Fogh, Jens Olaf Svanholm"]
[Black "Ramsdal, Jens Albert"]
[Result "1-0"]
[WhiteElo "2124"]
[BlackElo "2282"]
[PlyCount "63"]
[EventDate "2021.07.23"]
[EventType "swiss"]
[EventRounds "5"]
[EventCountry "DEN"]

1. d4 Nf6 2. Nf3 e6 3. c4 b6 4. e3 Bb7 5. Be2 d5 6. O-O dxc4 7. Nc3 a6 8. a4 c5
9. Bxc4 Nc6 10. Qe2 cxd4 11. Rd1 Be7 12. exd4 Nb4 13. Ne5 Nbd5 14. Rd3 h5 15.
Bg5 Nxc3 16. bxc3 Nd5 17. Bxe7 Qxe7 18. Bxd5 Bxd5 19. c4 Bb7 20. Rb1 Qc7 21.
Rdb3 O-O 22. Rxb6 Rab8 23. Qb2 f6 24. Nf3 Qxc4 25. Rxb7 Rxb7 26. Qxb7 Qxa4 27.
h3 a5 28. Qa7 Kh7 29. Qc7 Rg8 30. Rb7 Qa2 31. Qf7 Qd5 32. Ne5 1-0

[Event "Konventum Weekend 2021"]
[Site "Elsinore"]
[Date "2021.07.23"]
[Round "1"]
[White "Bach, Matthias"]
[Black "Moe, Mogens"]
[Result "0-1"]
[WhiteElo "2277"]
[BlackElo "2118"]
[PlyCount "68"]
[EventDate "2021.07.23"]
[EventType "swiss"]
[EventRounds "5"]
[EventCountry "DEN"]

1. d4 Nf6 2. c4 g6 3. Nc3 d5 4. cxd5 Nxd5 5. g3 Bg7 6. Bg2 Nb6 7. Nf3 Nc6 8.
O-O Nxd4 9. Nxd4 Bxd4 10. Nb5 Be5 11. Qxd8+ Kxd8 12. Rd1+ Nd7 13. Bf4 Bxf4 14.
gxf4 c6 15. Nd4 Kc7 16. Rac1 Nb6 17. a4 Be6 18. a5 Nd5 19. a6 Rac8 20. e3 Rhd8
21. Rd3 Rd7 22. axb7 Kxb7 23. Nb3 Rd6 24. Nc5+ Kb8 25. Ra3 Nc7 26. Rca1 Nb5 27.
Ra5 Bd5 28. e4 Bc4 29. Bf3 Rd2 30. Bg4 Rcd8 31. Ra6 f5 32. Rxc6 fxg4 33. Na6+
Kb7 34. Rxc4 Rd1+ 0-1

[Event "Konventum Weekend 2021"]
[Site "Elsinore"]
[Date "2021.07.23"]
[Round "1"]
[White "Liu, Casper Yukun"]
[Black "Thorsbro, Peter"]
[Result "1/2-1/2"]
[WhiteElo "2107"]
[BlackElo "2233"]
[PlyCount "33"]
[EventDate "2021.07.23"]
[EventType "swiss"]
[EventRounds "5"]
[EventCountry "DEN"]

1. d4 d5 2. Bf4 e6 3. e3 Bd6 4. Bg3 c5 5. Nf3 Nf6 6. c3 Qc7 7. Na3 a6 8. Qa4+
Bd7 9. Nb5 Bxb5 10. Bxb5+ Nbd7 11. Ne5 Rc8 12. Nxd7 Nxd7 13. Bxd7+ Qxd7 14.
Qxd7+ Kxd7 15. Bxd6 Kxd6 16. dxc5+ Rxc5 17. Ke2 1/2-1/2

[Event "Konventum Weekend 2021"]
[Site "Elsinore"]
[Date "2021.07.23"]
[Round "1"]
[White "Kistrup, Nicolai"]
[Black "Olsen, Michael Richard W"]
[Result "1-0"]
[WhiteElo "2232"]
[BlackElo "2107"]
[PlyCount "53"]
[EventDate "2021.07.23"]
[EventType "swiss"]
[EventRounds "5"]
[EventCountry "DEN"]

1. d4 d5 2. c4 Nf6 3. cxd5 Qxd5 4. Nc3 Qd8 5. Nf3 e6 6. e4 Be7 7. Bd3 h6 8. O-O
Nh7 9. Be3 Nd7 10. e5 Nb6 11. Qc2 Ng5 12. Nd2 g6 13. h4 Nh7 14. h5 Nf8 15. hxg6
fxg6 16. Bxg6+ Nxg6 17. Qxg6+ Kd7 18. Nde4 Qe8 19. Nf6+ Bxf6 20. Qxf6 Rf8 21.
Ne4 Kc6 22. Rfc1+ Kd5 23. Rc5+ Kxe4 24. Qh4+ Kf5 25. Qf4+ Kg6 26. Qxh6+ Kf7 27.
Qh7# 1-0

[Event "Konventum Weekend 2021"]
[Site "Elsinore"]
[Date "2021.07.23"]
[Round "1"]
[White "Kryger, Oksana"]
[Black "Olsen, Peter Erik"]
[Result "1/2-1/2"]
[WhiteElo "2105"]
[BlackElo "2221"]
[PlyCount "24"]
[EventDate "2021.07.23"]
[EventType "swiss"]
[EventRounds "5"]
[EventCountry "DEN"]

1. d4 Nf6 2. c4 c5 3. d5 b5 4. Qc2 bxc4 5. e4 d6 6. Bxc4 g6 7. Nf3 Bg7 8. O-O
O-O 9. h3 Nbd7 10. Rd1 Rb8 11. Nc3 Qa5 12. Rb1 Ba6 1/2-1/2

[Event "Konventum Weekend 2021"]
[Site "Elsinore"]
[Date "2021.07.23"]
[Round "1"]
[White "Olsson, William"]
[Black "Skjoldager, Per"]
[Result "1-0"]
[WhiteElo "2221"]
[BlackElo "2103"]
[PlyCount "91"]
[EventDate "2021.07.23"]
[EventType "swiss"]
[EventRounds "5"]
[EventCountry "DEN"]

1. c4 Nf6 2. Nf3 e6 3. g3 b6 4. d3 d5 5. Bg2 Bb7 6. O-O Be7 7. Nc3 O-O 8. Nd2
Nbd7 9. d4 c5 10. Nb3 Rc8 11. cxd5 exd5 12. dxc5 Nxc5 13. Nb5 Qd7 14. N5d4 Rfe8
15. Bf4 Nce4 16. Qb1 Rc4 17. Rd1 Bf8 18. Nf3 Ng4 19. Nfd2 Nxd2 20. Nxd2 Rc6 21.
h3 Nf6 22. Nf3 Qc8 23. Nd4 Rc4 24. b3 Rc5 25. Qb2 Ne4 26. Bd2 Nxd2 27. Rxd2 g6
28. Rad1 Bg7 29. e3 Qb8 30. Qb1 Rec8 31. Ne2 Qa8 32. Nf4 Bc3 33. Rd3 Bb4 34.
Nxd5 Bxd5 35. Bxd5 Qb8 36. Qb2 Bc3 37. Qe2 Qe5 38. Qg4 Qf6 39. e4 Bb2 40. Rf3
h5 41. Rxf6 hxg4 42. Rxg6+ Kf8 43. Rxg4 Rc2 44. a4 Ba3 45. Rf4 R8c7 46. Bc4 1-0

[Event "Konventum Weekend 2021"]
[Site "Elsinore"]
[Date "2021.07.23"]
[Round "1"]
[White "Guindy, Esmat Susanne"]
[Black "Jaksland, Tim"]
[Result "0-1"]
[WhiteElo "2100"]
[BlackElo "2215"]
[PlyCount "194"]
[EventDate "2021.07.23"]
[EventType "swiss"]
[EventRounds "5"]
[EventCountry "DEN"]

1. c4 Nf6 2. Nf3 e6 3. g3 d5 4. d4 dxc4 5. Bg2 a6 6. Ne5 Bb4+ 7. Nc3 Nd5 8. Bd2
b5 9. O-O Be7 10. a4 Bb7 11. Qe1 f6 12. Nf3 Qd7 13. e4 Nb4 14. Qb1 c5 15. Be3
cxd4 16. Nxd4 N8c6 17. Rd1 Nxd4 18. Bxd4 Qc6 19. b3 O-O 20. Ne2 e5 21. Bc3 Nd3
22. bxc4 bxc4 23. Nc1 Nxc1 24. Rxc1 Bc8 25. a5 Bc5 26. Qb2 Be6 27. Rab1 Rfd8
28. Qb7 Rac8 29. Bf1 Rc7 30. Qxc6 Rxc6 31. Rb7 Bd4 32. Rb4 Rdc8 33. Kg2 Kf7 34.
f4 g6 35. Rc2 R8c7 36. Be2 Rc5 37. Ra4 Bd7 38. Rb4 Be6 39. Ra4 Ke8 40. Bb4 R5c6
41. Bc3 Bxc3 42. Rxc3 Ke7 43. Kf3 Rc5 44. Ke3 Kd6 45. Kd2 Rb5 46. Kc2 Rcc5 47.
Bxc4 Bxc4 48. Raxc4 Rxc4 49. Rxc4 Rxa5 50. Kb3 Rb5+ 51. Ka3 Rb6 52. Rc8 Rc6 53.
Rh8 Rc3+ 54. Kb2 Rc7 55. Ra8 Rc6 56. Rh8 Rc7 57. Ra8 exf4 58. gxf4 Rc6 59. Rh8
Rc4 60. e5+ fxe5 61. fxe5+ Kxe5 62. Rxh7 Kf5 63. h4 Rc6 64. Rh6 Re6 65. Rh8 Kf6
66. Rf8+ Kg7 67. Rf4 Kh6 68. Kc3 Rd6 69. Ra4 Kh5 70. Kc2 a5 71. Kc3 Rb6 72. Kd3
Rb4 73. Rxa5+ Kxh4 74. Ke3 Kg3 75. Rg5+ Rg4 76. Ra5 g5 77. Rb5 Kg2 78. Ra5 Rg3+
79. Ke4 Kh3 80. Rb5 Rg2 81. Ra5 g4 82. Ra3+ Kh4 83. Ra8 Re2+ 84. Kf4 Rf2+ 85.
Ke3 Rf3+ 86. Ke2 Kg3 87. Rg8 Rf7 88. Ra8 Kg2 89. Ke3 g3 90. Rh8 Kg1 91. Rg8 g2
92. Ke2 Rf5 93. Rg7 Re5+ 94. Kf3 Rf5+ 95. Kg4 Rf2 96. Kg3 Rf8 97. Kh3 Kf1 0-1

[Event "Konventum Weekend 2021"]
[Site "Elsinore"]
[Date "2021.07.23"]
[Round "1"]
[White "Rathlev, Jakob"]
[Black "Olsen, Claus"]
[Result "1-0"]
[WhiteElo "2210"]
[BlackElo "2054"]
[PlyCount "133"]
[EventDate "2021.07.23"]
[EventType "swiss"]
[EventRounds "5"]
[EventCountry "DEN"]

1. c4 f5 2. Nf3 Nf6 3. e3 g6 4. b3 Bg7 5. Bb2 O-O 6. Be2 d6 7. d4 e5 8. dxe5
Ng4 9. h3 Nxe5 10. Qd5+ Nf7 11. Bxg7 Kxg7 12. Nc3 Qf6 13. Rc1 Nc6 14. O-O Nce5
15. Qd2 Nxf3+ 16. Bxf3 c6 17. Rfd1 Qe5 18. g3 Be6 19. Bg2 Rad8 20. f4 Qf6 21.
Ne2 Rfe8 22. Nd4 Bc8 23. b4 a6 24. a4 c5 25. Nc2 Re7 26. Rb1 b6 27. a5 b5 28.
cxb5 axb5 29. Qd3 Ba6 30. Kh2 Rde8 31. Bc6 Rc8 32. Bd5 cxb4 33. Nxb4 Rc3 34.
Qd4 Qxd4 35. Rxd4 Bb7 36. Ra1 Bxd5 37. Nxd5 Rc2+ 38. Kg1 Ra7 39. Nb4 Rc5 40.
Kf2 Kf6 41. a6 Ke6 42. g4 Kf6 43. Kf3 Ke6 44. Ra3 d5 45. Rad3 Rc4 46. Rd1 Rxd4
47. Rxd4 Nd6 48. Rxd5 Rc7 49. Rd2 Rc4 50. Ra2 Nc8 51. Nc2 Ra4 52. Nd4+ Kd5 53.
Nxb5 Rxa2 54. Nc3+ Kc5 55. Nxa2 Kb5 56. e4 fxe4+ 57. Kxe4 Kxa6 58. Ke5 Kb6 59.
Kf6 Kc7 60. Kg7 Kd7 61. Kxh7 Ne7 62. Kg7 Ke6 63. Nb4 Kd6 64. Kf6 Kd7 65. Nd3
Ke8 66. Ne5 Nd5+ 67. Kg5 1-0

[Event "Konventum Weekend 2021"]
[Site "Elsinore"]
[Date "2021.07.23"]
[Round "1"]
[White "Bergner, Philipp"]
[Black "Thuesen, Mogens Henrik"]
[Result "0-1"]
[WhiteElo "2083"]
[BlackElo "2178"]
[PlyCount "52"]
[EventDate "2021.07.23"]
[EventType "swiss"]
[EventRounds "5"]
[EventCountry "DEN"]

1. d4 d5 2. c4 e6 3. Nc3 c6 4. Nf3 dxc4 5. a4 Bb4 6. e4 b5 7. Be2 Bb7 8. O-O a6
9. e5 Ne7 10. Ne4 Nf5 11. b3 Qd5 12. Bd2 Bxd2 13. Nfxd2 O-O 14. Nc5 Bc8 15. Nf3
cxb3 16. axb5 cxb5 17. Bd3 b2 18. Ra3 Ra7 19. g4 Nxd4 20. Nxd4 Qxc5 21. Bxh7+
Kxh7 22. Rh3+ Kg8 23. Qd3 g6 24. Qe3 Rd8 25. Qh6 Qxe5 26. Qh7+ Kf8 0-1

[Event "Konventum Weekend 2021"]
[Site "Elsinore"]
[Date "2021.07.24"]
[Round "2"]
[White "Jaksland, Tim"]
[Black "Hector, Jonny"]
[Result "0-1"]
[WhiteElo "2215"]
[BlackElo "2479"]
[PlyCount "78"]
[EventDate "2021.07.23"]
[EventType "swiss"]
[EventRounds "5"]
[EventCountry "DEN"]

1. e4 e5 2. Nf3 Nc6 3. Bc4 Nf6 4. d3 Bc5 5. O-O d6 6. c3 a6 7. a4 Ba7 8. Re1
Ne7 9. d4 Ng6 10. Nbd2 O-O 11. h3 exd4 12. cxd4 d5 13. Bd3 Nf4 14. Bb1 Bxh3 15.
gxh3 Qc8 16. Nf1 Nxh3+ 17. Kg2 Nh5 18. N3h2 N5f4+ 19. Bxf4 Nxf4+ 20. Kh1 Qh3
21. Qf3 Qh6 22. exd5 Rae8 23. Bc2 Bxd4 24. Ne3 g6 25. Rad1 Bxb2 26. Rb1 Bd4 27.
Rxb7 Nh3 28. Rbb1 Nxf2+ 29. Qxf2 Bxe3 30. Qg2 Re5 31. Re2 Rh5 32. Rf1 Bf4 33.
Qg1 Rh4 34. Rff2 Qh5 35. Qf1 Bd6 36. Be4 Rb8 37. Bf3 Qf5 38. Rb2 Rxb2 39. Rxb2
Qf4 0-1

[Event "Konventum Weekend 2021"]
[Site "Elsinore"]
[Date "2021.07.24"]
[Round "2"]
[White "Haubro, Martin"]
[Black "Olsson, William"]
[Result "1/2-1/2"]
[WhiteElo "2407"]
[BlackElo "2221"]
[PlyCount "52"]
[EventDate "2021.07.23"]
[EventType "swiss"]
[EventRounds "5"]
[EventCountry "DEN"]

1. e4 c5 2. Nf3 d6 3. Bb5+ Nd7 4. c4 Ngf6 5. O-O e5 6. Nc3 Be7 7. d3 O-O 8. a3
Nb6 9. b4 a6 10. bxc5 axb5 11. cxb6 bxc4 12. dxc4 Qxb6 13. Be3 Qc6 14. Nd5 Nxd5
15. cxd5 Qa4 16. Nd2 f5 17. f3 fxe4 18. fxe4 Bd7 19. Rxf8+ Kxf8 20. Qxa4 Rxa4
21. Rb1 Rxa3 22. Rxb7 Rxe3 23. Rxd7 Re2 24. Nc4 Rxe4 25. Nxd6 Bxd6 26. Rxd6 Rd4
1/2-1/2

[Event "Konventum Weekend 2021"]
[Site "Elsinore"]
[Date "2021.07.24"]
[Round "2"]
[White "Thuesen, Mogens Henrik"]
[Black "Fries Nielsen, Jens Ove"]
[Result "0-1"]
[WhiteElo "2178"]
[BlackElo "2359"]
[PlyCount "82"]
[EventDate "2021.07.23"]
[EventType "swiss"]
[EventRounds "5"]
[EventCountry "DEN"]

1. d4 Nf6 2. c4 d6 3. Nf3 Nbd7 4. Nc3 e5 5. e4 Be7 6. Be2 O-O 7. O-O c6 8. Re1
a6 9. Bf1 b5 10. d5 cxd5 11. cxd5 Nb6 12. a3 Bd7 13. b3 Qb8 14. Bd2 h6 15. h3
Nh7 16. g4 Bd8 17. Bd3 Nc8 18. Ne2 Ng5 19. Bxg5 hxg5 20. Ng3 f6 21. Nf5 Ne7 22.
Nxe7+ Bxe7 23. Kg2 Rc8 24. Qd2 Ra7 25. Ng1 Bd8 26. Ne2 Bb6 27. Rec1 Rac7 28.
Rxc7 Rxc7 29. Rh1 Qa7 30. Ng3 Bd4 31. h4 Bxg4 32. hxg5 Bc3 33. Qc1 Qd4 34. Rh4
f5 35. g6 Qxd3 36. Qg5 Qf3+ 37. Kg1 Rd7 38. exf5 Bd4 39. Nh1 Bxf2+ 40. Nxf2
Qg3+ 41. Kf1 Be2+ 0-1

[Event "Konventum Weekend 2021"]
[Site "Elsinore"]
[Date "2021.07.24"]
[Round "2"]
[White "Borge, Nikolaj"]
[Black "Rathlev, Jakob"]
[Result "1-0"]
[WhiteElo "2357"]
[BlackElo "2210"]
[PlyCount "50"]
[EventDate "2021.07.23"]
[EventType "swiss"]
[EventRounds "5"]
[EventCountry "DEN"]

1. e4 c6 2. d4 d5 3. e5 Bf5 4. Nc3 e6 5. h4 h5 6. Bd3 Bxd3 7. Qxd3 c5 8. Nf3
Nc6 9. Bg5 Qb6 10. dxc5 Bxc5 11. O-O Nge7 12. a3 Nf5 13. Nxd5 exd5 14. Qxf5 Ne7
15. Qd3 Qe6 16. Rad1 Rd8 17. c4 f6 18. exf6 gxf6 19. Rfe1 Qf7 20. Be3 Bxe3 21.
Qxe3 dxc4 22. Rxd8+ Kxd8 23. Ng5 fxg5 24. Qd4+ Kc7 25. Qxh8 Ng6 1-0

[Event "Konventum Weekend 2021"]
[Site "Elsinore"]
[Date "2021.07.24"]
[Round "2"]
[White "Brorsen, Jacob Abildlund"]
[Black "Bank, Pelle Rodkjaer"]
[Result "1-0"]
[WhiteElo "2147"]
[BlackElo "2320"]
[PlyCount "99"]
[EventDate "2021.07.23"]
[EventType "swiss"]
[EventRounds "5"]
[EventCountry "DEN"]

1. d4 d5 2. c4 Nc6 3. Nf3 Bg4 4. Nc3 e6 5. Bf4 Nf6 6. e3 a6 7. Qa4 Bxf3 8. gxf3
dxc4 9. Qxc4 Nh5 10. Bg3 Bb4 11. a3 Nxg3 12. hxg3 Bd6 13. f4 Ne7 14. Bg2 c6 15.
Qd3 h6 16. O-O h5 17. Ne4 h4 18. g4 Nd5 19. Rad1 Be7 20. Bh3 a5 21. Rd2 a4 22.
Rc1 Ra5 23. Rc4 Nb6 24. Rcc2 Nd5 25. Rc4 Nb6 26. Rc1 Nd5 27. Qc2 Qb6 28. Bf1
Qa7 29. Qd1 f6 30. Qf3 Qb8 31. Rdc2 e5 32. dxe5 fxe5 33. f5 O-O 34. g5 Qe8 35.
Qg4 Qd7 36. Bh3 g6 37. Qxh4 gxf5 38. Qh6 Bd8 39. Nc5 Rxc5 40. Rxc5 Rf7 41. Qg6+
Rg7 42. Bxf5 Rxg6 43. Bxd7 Rxg5+ 44. Kf1 Kf8 45. Ke2 Ke7 46. Bc8 Bb6 47. R5c2
Rg2 48. Kf3 Rh2 49. Bxb7 e4+ 50. Kxe4 1-0

[Event "Konventum Weekend 2021"]
[Site "Elsinore"]
[Date "2021.07.24"]
[Round "2"]
[White "Moe, Mogens"]
[Black "Kistrup, Nicolai"]
[Result "0-1"]
[WhiteElo "2118"]
[BlackElo "2232"]
[PlyCount "128"]
[EventDate "2021.07.23"]
[EventType "swiss"]
[EventRounds "5"]
[EventCountry "DEN"]

1. e4 e5 2. Nf3 Nc6 3. Bc4 Nf6 4. Ng5 d5 5. exd5 Na5 6. Bb5+ c6 7. dxc6 bxc6 8.
Bd3 Nd5 9. Nf3 Bd6 10. O-O Nf4 11. Re1 Nxd3 12. cxd3 O-O 13. b4 Bxb4 14. Nxe5
f6 15. Nf3 Qxd3 16. Qa4 c5 17. Re3 Qc4 18. Bb2 Bf5 19. Na3 Qd5 20. Bc3 Rab8 21.
Re7 Nc6 22. Rc7 Be4 23. Qb3 Bxa3 24. Qxa3 Qd6 25. Rxc6 Qxc6 26. Ne1 Rfe8 27.
Qc1 Rb7 28. Qd1 Reb8 29. d3 Rd7 30. Qe2 Bg6 31. Rd1 Qd5 32. h3 Bh5 33. f3 Bf7
34. Ra1 Bg6 35. Rd1 Bf7 36. Ra1 Rdb7 37. Qd1 c4 38. d4 Bg6 39. Qd2 Rb1 40. Rxb1
Rxb1 41. Qe3 Rb7 42. Qe2 h6 43. Kh1 Kh7 44. Kg1 Bf5 45. Kf2 Rb1 46. Qd2 Qe6 47.
Kg1 Qa6 48. g4 Bg6 49. h4 h5 50. g5 fxg5 51. hxg5 Qa3 52. d5 Qd6 53. Kg2 Rb7
54. Qd4 Rd7 55. Qxc4 Qxd5 56. Qxd5 Rxd5 57. f4 Be4+ 58. Kg3 Kg6 59. a3 Rd7 60.
Be5 Kf5 61. Bc3 g6 62. Be5 Rd2 63. Bb8 Re2 64. Nf3 Re3 0-1

[Event "Konventum Weekend 2021"]
[Site "Elsinore"]
[Date "2021.07.24"]
[Round "2"]
[White "Hagen, Andreas Skytte"]
[Black "Fogh, Jens Olaf Svanholm"]
[Result "1-0"]
[WhiteElo "2370"]
[BlackElo "2124"]
[PlyCount "105"]
[EventDate "2021.07.23"]
[EventType "swiss"]
[EventRounds "5"]
[EventCountry "DEN"]

1. e4 e6 2. d4 d5 3. Nc3 Bb4 4. e5 c5 5. a3 Bxc3+ 6. bxc3 Ne7 7. Qg4 Qc7 8.
Qxg7 Rg8 9. Qxh7 cxd4 10. Ne2 Nbc6 11. f4 dxc3 12. h4 Bd7 13. h5 O-O-O 14. Qd3
Nf5 15. Qxc3 d4 16. Qc4 Qb6 17. Rh3 Kb8 18. Bd2 Nce7 19. Rb3 Qc6 20. Qd3 Qd5
21. c4 dxc3 22. Rxc3 Rg4 23. Rb1 Rh8 24. Qxd5 Nxd5 25. Rh3 Rh7 26. Kf2 Bc6 27.
g3 Ng7 28. Nd4 Bd7 29. Be2 f5 30. Bxg4 fxg4 31. Rh4 Nf5 32. Nxf5 exf5 33. Bb4
Bc6 34. h6 Nxb4 35. Rxb4 a5 36. Rd4 b5 37. Rd6 Kc7 38. Rg6 Kb6 39. Ke3 Kc5 40.
Rg7 Rh8 41. h7 Bd5 42. Rc7+ Kb6 43. Rd7 Kc6 44. Kd4 Bb3 45. Rd6+ Kc7 46. Kc5
Bc4 47. Ra6 a4 48. Ra7+ Kb8 49. Kb6 Bd3 50. Ra5 Bc4 51. Rh6 Be2 52. Rg6 Rxh7
53. Rg8# 1-0

[Event "Konventum Weekend 2021"]
[Site "Elsinore"]
[Date "2021.07.24"]
[Round "2"]
[White "Thorsbro, Peter"]
[Black "Sigeman, Johan"]
[Result "1-0"]
[WhiteElo "2233"]
[BlackElo "2146"]
[PlyCount "67"]
[EventDate "2021.07.23"]
[EventType "swiss"]
[EventRounds "5"]
[EventCountry "DEN"]

1. d4 Nf6 2. c4 e6 3. g3 Bb4+ 4. Bd2 Qe7 5. Nf3 Bxd2+ 6. Qxd2 d6 7. Bg2 e5 8.
Nc3 O-O 9. O-O Re8 10. e4 Bg4 11. Ne1 Nc6 12. Nc2 exd4 13. Nxd4 Nxd4 14. Qxd4
Qe5 15. Qd2 a6 16. Rac1 Rac8 17. Rfe1 Bd7 18. h3 b5 19. Nd5 bxc4 20. Nxf6+ Qxf6
21. Rxc4 Qe6 22. Rec1 Bb5 23. Rxc7 Rxc7 24. Rxc7 Qxa2 25. e5 dxe5 26. Bd5 Qb1+
27. Kh2 Rf8 28. Bxf7+ Kh8 29. Qd6 Ra8 30. Qc5 Qf5 31. g4 Qf4+ 32. Kg1 g6 33.
Qe7 e4 34. Bd5 1-0

[Event "Konventum Weekend 2021"]
[Site "Elsinore"]
[Date "2021.07.24"]
[Round "2"]
[White "Olsen, Peter Erik"]
[Black "Liu, Casper Yukun"]
[Result "0-1"]
[WhiteElo "2221"]
[BlackElo "2107"]
[PlyCount "64"]
[EventDate "2021.07.23"]
[EventType "swiss"]
[EventRounds "5"]
[EventCountry "DEN"]

1. d4 d5 2. Bg5 f6 3. Bh4 Nh6 4. f3 Nc6 5. e3 Bf5 6. c4 e6 7. Nc3 Be7 8. Be2
O-O 9. Rc1 dxc4 10. Bxc4 Na5 11. Be2 c5 12. d5 exd5 13. Qxd5+ Kh8 14. e4 Bg6
15. Qxd8 Rfxd8 16. Nd5 Bd6 17. Bg3 c4 18. Nh3 Bf7 19. O-O Bxg3 20. hxg3 Bxd5
21. exd5 Nf5 22. Rfe1 b5 23. f4 Nd4 24. Bf1 Rxd5 25. Re7 Nf5 26. Rc7 Nxg3 27.
Re1 a6 28. Kf2 Nf5 29. g4 Rd2+ 30. Kf3 Nd4+ 31. Ke3 Rd8 32. f5 Nc2+ 0-1

[Event "Konventum Weekend 2021"]
[Site "Elsinore"]
[Date "2021.07.24"]
[Round "2"]
[White "Ramsdal, Jens Albert"]
[Black "Kryger, Oksana"]
[Result "1-0"]
[WhiteElo "2282"]
[BlackElo "2105"]
[PlyCount "47"]
[EventDate "2021.07.23"]
[EventType "swiss"]
[EventRounds "5"]
[EventCountry "DEN"]

1. Nf3 d5 2. b3 Nf6 3. Bb2 e6 4. e3 Be7 5. d4 O-O 6. Bd3 b6 7. Nbd2 Bb7 8. Ne5
Nbd7 9. Qf3 c5 10. Qh3 h6 11. O-O Nxe5 12. dxe5 Ne4 13. Bxe4 dxe4 14. Rad1 Qc7
15. Qg4 Qc6 16. Rfe1 b5 17. Nf1 g6 18. Ng3 Kh7 19. h4 a5 20. Qf4 Kg7 21. Rd6
Bxd6 22. Qf6+ Kh7 23. exd6 e5 24. Bxe5 1-0